000 00808nmm a2200241 a 4500
001 ocm000786350
003 TR-IsHL
005 20201028124826.0
008 130902s2005 tu tur
007 cr cn
035 _a786350
_b(N$T)
050 0 4 _aP90
_b.T87 2005
090 0 4 _aP90
_b.T87 2005
245 1 0 _aTürkiye'de iletişim araştırmaları
_h[electronic resource]
260 _aAnkara :
_bAnkara Üniversitesi İletişim Fakültesi,
_c2005
300 _a129 p.
650 4 _aMedya ve İletişim
650 4 _aCommunication & Media
650 0 _aİletişim
_x Türkiye
650 0 _aCommunication
_x Turkey
650 7 _aLANGUAGE ARTS & DISCIPLINES / Communication Studies
_2bisacsh
856 4 0 _uhttp://search.ebscohost.com/login.aspx?direct=true&scope=site&db=e011xww&AN=786350
999 _c3155
_d3155